Fast Typer - Statistics

General Stats
  • This quiz has been taken 829 times
  • The average score is 17 of 26
Answer Stats
AnswerE % Correct
A
94%
A
94%
A
94%
A
94%
E
71%
E
71%
H
66%
H
66%
G
65%
R
62%
R
62%
R
62%
O
60%
T
60%
T
60%
F
59%
U
59%
L
54%
L
54%
L
54%
L
54%
Z
54%
.
53%
S
52%
Y
50%
Y
50%
No matching quizzes found
Score Distribution
Percent of People with Each Score
Percentile by Number Answered
Your Score History
You have not taken this quiz